Krupnyje korporacii i effektivnost' ekonomiki. Organizacionnyj podchod.

Skúmanie zákonitostí evolúcie kapitalistického ekonomického systému. Konštatácia, že všeobecný integračný proces živelne uskutočňujú aj vyvíjajúce sa korporácie. Tým, že sa rozvíjajú súčasne integrujú a organizujú ekonomiku ako celok. Tak sa formuje ekonomický systém s uceleným riadením. Význam uved...

Descrizione completa

Salvato in:
Dettagli Bibliografici
Autore principale: Trofimova, I.
Natura: Capitolo di libro
Lingua:russo
Soggetti:
Tags: Aggiungi Tag
Nessun Tag, puoi essere il primo ad aggiungerne!!

MARC

LEADER 00000naa a2200000 4500
001 r010285
005 20221130113147.9
041 0 |a rus 
044 |a [SU] 
245 1 0 |a Krupnyje korporacii i effektivnost' ekonomiki.  |b Organizacionnyj podchod.  |c I. Trofimova 
520 |a Skúmanie zákonitostí evolúcie kapitalistického ekonomického systému. Konštatácia, že všeobecný integračný proces živelne uskutočňujú aj vyvíjajúce sa korporácie. Tým, že sa rozvíjajú súčasne integrujú a organizujú ekonomiku ako celok. Tak sa formuje ekonomický systém s uceleným riadením. Význam uvedených poznatkov pre Rusko, ktoré vstúpilo na cestu ekonomickej transformácie. 
610 2 0 |a korporácie 
610 2 0 |a integrácia ekonomická 
610 2 0 |a efektívnosť ekonomická 
610 2 0 |a riadenie NH 
610 2 0 |a Rusko 
610 2 0 |a transformácia 
100 1 |a Trofimova, I.